| 000 | 00400nam a2200181Ia 4500 | ||
|---|---|---|---|
| 001 | 1159 | ||
| 005 | 20260306140611.0 | ||
| 008 | 260306t2010||||xx |||||||||||||| ||spa|| | ||
| 041 | _aESP | ||
| 082 |
_a185 _bA72P 2010 |
||
| 100 |
_aAristóteles _eAUT |
||
| 245 | 0 | _aPolítica | |
| 260 | _c2010 | ||
| 300 |
_a362 páginas : _c18 cm. |
||
| 650 | _aGEN | ||
| 654 | _aCHU | ||
| 942 |
_cLIB _dJUS _fJUS _2ddc _n |
||
| 999 |
_c1159 _d1159 |
||